El lugar del hombre en el cosmos (Registro nro. 309673)

Detalles MARC
000 -ENCABEZADO
Número de control [NR] 01121nam a2200301 a 4500
001 - NÚMERO DE CONTROL
control field C01315693c-6
005 - FECHA Y HORA DE LA ÚLTIMA TRANSACCIÓN
control field 20180723094331.0
008 - DE LONGITUD FIJA DE DATOS DE ELEMENTOS - INFORMACIÓN GENERAL
Elementos de longitud fija [NR] 180723s2011 sp gr 00110 spa d
020 ## - NUMERO INTERNACIONAL NORMALIZADO PARA LIBROS [R]
Número Internacional Normalizado del libro [NR] 9788498921960
040 ## - FUENTE DE CATALOGACION [NR]
Agencia de catalogación original [NR] CO-BoUCM
Idioma de catalogación [NR] spa
Quien Cataloga Saul Niño
Quien Clasifica Saul Niño
041 1# - CODIGO DE IDIOMA [R]
Código de idioma para texto/pista de sonido o título separado [R] Español
Language code of original and/or intermediate translations of text eng
100 1# - ASIENTO PRINCIPAL--NOMBRE PERSONAL [NR]
Nombre personal [NR] Spier, Fred
Fechas asociadas con el nombre [NR] 1952-
ID Autoridad 93208
245 13 - MENCION DE TITULO [NR]
Título [NR] El lugar del hombre en el cosmos
Parte restante del título [NR] la gran historia y el futuro de la humanidad
Mención de responsabilidad, etc. [NR] Fred Spier ; traducción de Tomás Fernández Aúz y Beatriz Eguibar
260 ## - PUBLICACION, DISTRIBUCION, ETC. (PIE DE IMPRENTA) [R]
Lugar de publicación, distribución, etc. [R] Barcelona
Nombre del editor, distribuidor, etc. [R] Crítica
Fecha de publicación, distribución, etc. [R] 2011
300 ## - DESCRIPCION FISICA [R]
Extensión [R] 552 páginas
490 0# - MENCION DE SERIE [R]
Mención de serie [R] Libros de historia
650 #7 - ASIENTO SECUNDARIO DE MATERIA - TERMINO TEMATICO [R]
Término temático o nombre geográfico como elemento de entrada [NR] Civilización
Subdivisión general [R] Historia
9 (RLIN) 28998
650 #7 - ASIENTO SECUNDARIO DE MATERIA - TERMINO TEMATICO [R]
Término temático o nombre geográfico como elemento de entrada [NR] Evolución
Subdivisión general [R] Historia
9 (RLIN) 15359
650 #7 - ASIENTO SECUNDARIO DE MATERIA - TERMINO TEMATICO [R]
Término temático o nombre geográfico como elemento de entrada [NR] Filosofía de la historia
9 (RLIN) 15763
650 #7 - ASIENTO SECUNDARIO DE MATERIA - TERMINO TEMATICO [R]
Término temático o nombre geográfico como elemento de entrada [NR] Ecología humana
9 (RLIN) 13643
650 #7 - ASIENTO SECUNDARIO DE MATERIA - TERMINO TEMATICO [R]
Término temático o nombre geográfico como elemento de entrada [NR] Complejidad (Filosofía)
9 (RLIN) 11273
650 #7 - ASIENTO SECUNDARIO DE MATERIA - TERMINO TEMATICO [R]
Término temático o nombre geográfico como elemento de entrada [NR] Evolución humana
9 (RLIN) 15367
700 1# - ASIENTO SECUNDARIO - NOMBRE PERSONAL [R]
Nombre personal [NR] Fernández Aúz, Tomás
Término de relación [R] traductor
9 (RLIN) 93209
700 1# - ASIENTO SECUNDARIO - NOMBRE PERSONAL [R]
Nombre personal [NR] Eguibar, Beatriz
Término de relación [R] traductor
9 (RLIN) 93210
765 ## - ASIENTO DE IDIOMA ORIGINAL [R]
Título [NR] Big history and the future of humanity
942 ## - ELEMENTOS DE ENTRADA AGREGADOS (KOHA)
Sistema de clasificación DEWEY
Tema principal Historia
Tipo de ítem principal el descrito en 300a Libro
Edición 1
Clasificación 909
Parte restante de la signatura top. S755l
Existencias
Total préstamos Signatura topográfica Código de barras Última vez visto Ejemplar Costo de reposición Price effective from Tipo de ítem Perdido Sistema de clasificación Dañado No prestable Tipo de ítem específico Suprimido Ubicación habitual Ubicación actual Localización Fecha de creación Proveedor Forma de adquisición Costo
  909 S755l 100157465 09/12/2025 Ej.1 93500.00 16/07/2018 Libro   DEWEY     Libro   Claustro Claustro 2do piso 16/07/2018 37 Compra 93500.00